000 00924nam a2200217 a 4500
003 0
005 20250203105935.0
008 130724s19uu xx 00 eng d
050 _aPHS DS 686.5
_b.B228 2013
100 _aBarbatchano, Jean Pierre J.
245 _aStrategies used by the Filipinos and the military leaders to have a successful revolution against the existing dictatorship in 1986 /
_cJean Pierre J. Barbatchano.
260 _aLas PiƱas City, Philippines :
_bSouthville International School and Colleges,
_c2013.
300 _a65 p. :
_bill. ;
_c28 cm.
504 _aIncludes bibliographical references.
650 _aPeople Power Revolution, 1986 (Philippines).
650 _aRevolutions
_zPhilippines
_y1986.
650 _aDictatorship
_zPhilippines
_vHistory.
650 _aMilitary strategies
_zPhilippines
_vHistory.
651 _aPhilippines
_vHistory
_xPeople Power Revolution, 1986.
942 _2lcc
_cPASS
999 _c98899
_d98899